banner-ar

النجوم الزاهرة فى حلى حضرة القاهرة القسم الخاص بالقاهرة من كتاب المغرب فى حلى المغرب / (Record no. 52248)

MARC details
000 -الفاتح
حقل البيانات ثابتة الطول 00594nam a2200181Ia 4500
008 - عناصر البيانات ثابتة الطول - معلومات عامة
حقل البيانات ثابتة الطول 140319s9999 xx 000 0 ara d
040 ## - مصدر الفهرسة
وكالة الفهرسة الأصلية GCL /
وكالة النسخ GCL
082 04 - رقم تصنيف ديوى العشرى
رقم التصنيف ق
رقم المادة 920.71
-- ح ن
100 1# - المدخل الرئيسى - إسم شخصى
الإسم الشخصى حسين نصار
245 10 - بيان العنوان
العنوان النجوم الزاهرة فى حلى حضرة القاهرة القسم الخاص بالقاهرة من كتاب المغرب فى حلى المغرب /
بيان المسئوليه,etc حسين نصار
300 ## - الوصف المادى
التعداد 447 ص
490 ## - بيان السلسلة
عنوان السلسلة
650 04 - المدخل الاضافى بالموضوع-مصطلح موضوعى
مصطلح موضوعي التاريخ
650 04 - المدخل الاضافى بالموضوع-مصطلح موضوعى
مصطلح موضوعي الرجال - تراجم
650 04 - المدخل الاضافى بالموضوع-مصطلح موضوعى
مصطلح موضوعي القاهرة - تاريخ
942 ## - عناصر المدخل الإضافي( كوها)
مصدر التصنيف او مخطط الترفيف Dewey Decimal Classification
Koha [default] item type كتاب
Holdings
حالة التراجع حالة الفقد حالة تلف ليس للاعارة المكان المؤقت الموقع الحالى تاريخ الاكتساب اجمالي اﻻعارات رقم الطلب الباركود تاريخ اخر مشاهدة تاريخ تفعيل السعر نوع وعاء كوها
        مكتبة القاهرة الكبرى مكتبة القاهرة الكبرى 03/26/2014   ق\920.71\ح ن 125076 03/26/2014 03/26/2014 كتاب

Powered By

EGPV